Muž bez totožnosti /

Hlavní autor: Uher, František, 1936-
Další autoři: Fojtová, Věra, 1947-
Jazyk: Čeština
Vydáno: Brno : MOBA, 1999
Vydání: Vyd. 1.
Edice: Krimi (MOBA)
Případy inspektora Martina Rusta
Témata:
Fyzický popis: 223 s. : il. ; 18 cm
Knihy
Uloženo v:
LEADER 01143nam a2200337 a 4500
001 000424756
003 CZ BrMZK
005 20080331135045.0
008 010907s1999 xr g j cze d
015 |a cnb000704890 
020 |a 80-243-0011-7 
035 |a (OCoLC)42820303 
040 |a BOA001  |b cze 
072 7 |a 821.162.3-3  |x Česká próza  |2 Konspekt  |9 25 
080 |a 821.162.3-32  |2 MRF 
080 |a (0:82-322.4)  |2 MRF 
100 1 |a Uher, František,  |d 1936-  |7 jk01140612  |4 aut 
245 1 0 |a Muž bez totožnosti /  |c František Uher. Osudná smyčka lásky / Věra Fojtová 
250 |a Vyd. 1. 
260 |a Brno :  |b MOBA,  |c 1999 
300 |a 223 s. :  |b il. ;  |c 18 cm 
490 1 |a Krimi 
490 1 |a Případy inspektora Martina Rusta 
655 7 |a české povídky  |7 fd133971  |2 czenas 
655 7 |a detektivní povídky  |7 fd132008  |2 czenas 
700 1 |a Fojtová, Věra,  |d 1947-  |7 jn19990209190  |4 aut 
830 0 |a Krimi (MOBA)  |0 s 
830 0 |a Případy inspektora Martina Rusta  |0 s 
910 |a BOA001  |b D-1061.826 
990 |a BK 
996 6 |b 2610096879  |c D-1061.826  |l MZK  |r Sklad / do 24 hodin  |n 0  |p p.v.  |w 000424756  |u 000010  |a 1  |e BOA001  |j MZK50  |s P